Psicología de los dictadores
Guardat en:
| Autor principal: | |
|---|---|
| Format: | Llibre |
| Idioma: | espanyol |
| Publicat: |
Buenos Aires
Hormé
1968
|
| Col·lecció: | Psicología de Hoy, 65
|
| Matèries: | |
| Etiquetes: |
Afegir etiqueta
Sense etiquetes, Sigues el primer a etiquetar aquest registre!
|
MARC
| LEADER | 00000nam a2200000 a 4500 | ||
|---|---|---|---|
| 001 | UCT7169 | ||
| 003 | CL-VaPUC | ||
| 005 | 20230524102725.0 | ||
| 008 | 970116e19680000AG |||||||||||||||||spa|d | ||
| 999 | |c 255828 |d 255826 | ||
| 040 | |c Pontificia Universidad Católica de Valparaíso | ||
| 082 | 0 | 4 | |a 321.9 |b BYC |2 21 |
| 100 | 0 | |a Bychowski, Gustav |e author |9 377956 | |
| 245 | 1 | 0 | |a Psicología de los dictadores |
| 260 | |a Buenos Aires |b Hormé |c 1968 | ||
| 300 | |a 309 p | ||
| 490 | 0 | |a Psicología de Hoy, 65 | |
| 583 | |a last modification |c 19970116 00:00:00 |k Rodrigo Vera | ||
| 600 | 0 | |a Julio César |d 100 A.C.-44 A.C. |9 858621 | |
| 600 | 0 | 7 | |a CROMWELL, OLIVER |2 CL-VaPUC |9 377957 |
| 600 | 0 | |a Robespierre, Maximilien |9 268182 | |
| 600 | 0 | 7 | |a HITLER, ADOLF |2 CL-VaPUC |9 314510 |
| 600 | 0 | 7 | |a STALIN, JOSEPH |2 CL-VaPUC |9 313919 |
| 650 | 7 | |a COMPORTAMIENTO POLITICO |2 CL-VaPUC |9 335468 | |
| 650 | 0 | |a Dictadura |9 341206 | |
| 650 | 0 | |a Totalitarismo |9 255261 | |
| 650 | 0 | |a Psicología |9 257863 | |
| 650 | 0 | |a Nazismo |9 347078 | |
| 650 | 0 | |a Comunismo |9 255588 | |
| 650 | 7 | |a SISTEMAS POLITICOS |2 CL-VaPUC |9 377958 | |
| 650 | 0 | |a Liderazgo político |9 341244 | |
| 852 | |a BIBCUR | ||
| 942 | |c BK |2 ddc | ||
| 945 | |d 19970116 00:00:00 |a paguirre | ||
| 952 | |0 0 |1 0 |4 0 |6 321_900000000000000_BYC_1968 |7 0 |8 A |9 278269 |a BIBDER |b BIBDER |d 2019-11-19 |i 1807056 |o 321.9 BYC 1968 |p 1807056 |r 2023-01-25 |w 2019-11-19 |y BK |k DER | ||